[Event "Schwarzach Open"]
[Site "?"]
[Date "2000.08.27"]
[Round "9"]
[White "Blasl, Dietmar"]
[Black "Grundner, Alois"]
[Result "1-0"]
[WhiteElo "1988"]
[BlackElo "1873"]
[Annotator "Fritz 5.00 (30s)"]
[PlyCount "60"]
[EventDate "2000.??.??"]

1. d4 Nf6 {Opening = D53 - Damengambit-Hauptvar,Abweich /Queen's Gambit-main
line,deviat} 2. c4 e6 3. Nc3 d5 4. Bg5 Be7 5. e3 Nbd7 6. Nf3 c6 7. Bd3 b6 8.
O-O Bb7 9. Rc1 O-O 10. Qe2 a5 {aus dem Buch} 11. Rfd1 Ba6 12. e4 Bxc4 {Schwarz
geht zum Angriff über} 13. Bxc4 dxc4 14. Qxc4 Rc8 15. Ne5 $11 (15. a3 b5 16.
Qd3 b4 17. axb4 axb4 $14) 15... Nxe5 16. dxe5 Nd7 17. Bxe7 Qxe7 18. f4 g5 19.
g3 gxf4 20. gxf4 {Schwarz erhält starke Drohungen in der geöffneten g-Linie}
Kh8 21. Kh1 Rg8 22. Qe2 Nc5 23. Rd6 $15 {Schönes Feld d6!} (23. a3 Nb3 24. Rb1
Qh4 $11) 23... Qh4 24. Qf3 Rg4 25. Rf1 $17 (25. Ne2 Rcg8 26. Rd4 R4g6 $15)
25... Rcg8 26. Rd2 (26. Rxc6 $4 {das Schlagen des Bauern ist schlecht} Rg3 $3 {
gefällig vorgetragen} 27. Rc8 Rxf3 28. Rxg8+ Kxg8 29. Rxf3 Qe1+ 30. Kg2 Qc1 $19
) 26... Rg3 {Droht Matt} 27. Qf2 $19 (27. Qe2 $5 $17) 27... Qh3 {[%cal Rg3c3]
Droht entscheidend Txc3} 28. Rfd1 $6 {ist nicht geeignet, Widerstand zu leisten
} (28. Qe2 Nd3 29. Rxd3 Rxd3 30. Rg1 $19) 28... Rf3 $17 (28... Rxc3 $142 {
sichert den Gewinn} 29. Rd8 Nxe4 30. Rxg8+ Kxg8 31. Qg2+ Qxg2+ 32. Kxg2 Rc2+
33. Kf3 Nc5 $19) 29. Qe1 $4 $19 {ein Fehler, doch es war nicht viel zu retten}
(29. Qe2 $142 $17) 29... Nd3 {Es droht Matt} (29... Rxf4 $6 {kommt nicht in
Frage} 30. Qe2 $17) 30. Rxd3 $4 {Weiß bricht völlig ein} (30. Qe2 Nxf4 31. Rd8
Nxe2 32. Rxg8+ Kxg8 33. Nxe2 Rf2 34. Rg1+ Kf8 35. Rg8+ Kxg8 36. Nd4 Qxh2#)
30... Qg2# 1-0

[Event "Sbg. Senioren LM"]
[Site "?"]
[Date "2008.04.16"]
[Round "4"]
[White "Grundner, Alois"]
[Black "Hicker, Harald, Dr."]
[Result "1/2-1/2"]
[WhiteElo "1938"]
[BlackElo "2050"]
[Annotator "Fritz 10 (15s)"]
[PlyCount "100"]
[EventDate "2000.??.??"]

{D63: Damengambit (Hauptvariante mit 7.Tc1)} 1. d4 d5 2. c4 e6 3. Nc3 Nf6 4.
Nf3 Be7 5. Bg5 Nbd7 6. e3 a6 7. Rc1 O-O 8. Bd3 dxc4 9. Bxc4 b5 10. Bd3 c5 11.
O-O (11. a4 bxa4 12. O-O cxd4 13. Nxd4 Bb7 14. Nxa4 Qa5 15. Bh4 Ne5 16. Bb1
Rac8 17. Nc3 Ng6 18. Bg3 Rfd8 19. Qe2 Nh5 20. Be4 Nxg3 21. hxg3 Bxe4 22. Nxe4
Qb6 23. Rc2 Rxc2 24. Qxc2 Rb8 25. Nc6 Rc8 {Martin,A (2430)-Davidovic,A (2420)/
London 1988/TD/1/2-1/2}) 11... Bb7 (11... cxd4 12. Nxd4 Bb7 13. a3 Rc8 14. Qe2
Ne5 15. Bb1 Nd5 16. Bxh7+ Kxh7 17. Qh5+ Kg8 18. Bxe7 Qxe7 19. Qxe5 Nxc3 20.
bxc3 Qxa3 21. Ne2 Qc5 22. Qxc5 Rxc5 23. Rfd1 Rc7 24. f3 a5 25. Rb1 Bd5 26. Rxb5
{Askhabova,A (2100)-Efremova,D/St Petersburg 2004/CBM 101 ext/1/2-1/2 (43)})
12. Bb1 b4 $146 {Schwarz droht Materialgewinn: b4xc3} (12... cxd4 13. Nxd4 Rc8
14. Qe2 b4 15. Na4 Qa5 16. Bxf6 Nxf6 17. b3 Bd6 18. Rfd1 Rxc1 19. Rxc1 Rc8 20.
Rxc8+ Bxc8 21. f4 Bb7 22. Bd3 g6 23. Nf3 Nd5 24. Nd2 Nc3 25. Nxc3 bxc3 26. Nc4
Qc5 27. Nxd6 {Lopez,D (2215)-Vera,K (2116)/Lima 2002/CBM 087 ext/0-1 (71)}) 13.
Ne2 Bxf3 (13... Rc8 14. Nd2 $11) 14. gxf3 {Weiß hat das Läuferpaar} Qa5 15.
dxc5 Bxc5 16. Ng3 (16. Kh1 h6 17. Bf4 Rfc8 $11) 16... Be7 17. Bxf6 (17. Ne4 h6
18. Bf4 Qh5 $11) 17... Nxf6 {Es sind ungleiche Läufer entstanden} 18. Kh1 Rfd8
19. Qe2 b3 20. axb3 Rd2 {Schwarz droht Materialgewinn: Td2xe2} 21. Qc4 Rxb2 22.
Rfd1 (22. Bd3 $5 $15) 22... Rxf2 $17 23. Ne4 $2 (23. Qh4 $142 Rb2 24. Bxh7+
Nxh7 25. Qxe7 Rxb3 26. Rc5 $17) 23... Nxe4 $19 24. Qxe4 Qh5 25. Qxa8+ (25. h4
Rb8 26. Rd4 $19) 25... Bf8 26. Bxh7+ Kxh7 (26... Kh8 27. Qxf8+ Kxh7 28. Qxg7+
Kxg7 29. Rg1+ Kh7 30. Rg2 Qxf3 31. Rcg1 f5 32. b4 Kh6 33. b5 axb5 34. e4 fxe4
35. h4 Qh3+ 36. Rh2 Rxh2#) 27. Qe4+ f5 (27... Kg8 $5 28. Qf4 Rxf3 $19) 28. Qf4
$17 {[%emt 0:00:00]} Rxf3 29. Qe5 Qh3 30. Re1 (30. Qxe6 {ergibt ein
langzügiges Matt} Rf2 31. Qg6+ Kxg6 32. Rg1+ Kh7 33. Rxg7+ Bxg7 34. e4 Qxh2#) (
30. Rg1 {[%emt 0:00:00]} Rxe3 {[%eval -141,14] [%emt 0:00:04]} 31. Qf4 {[%emt
0:00:22]} Rxb3 {[%eval -158,13] [%emt 0:00:12]} 32. Qg5 {[%emt 0:00:11]} Rb2 {
[%eval -218,13] [%emt 0:00:07]} 33. Rg2 {[%emt 0:00:45]} Rxg2 {[%eval -210,12]
[%emt 0:00:12]} 34. Qxg2 {[%emt 0:00:01]} Qh5 {[%eval -211,12] [%emt 0:00:10]}
35. Rf1 {[%emt 0:00:00]} a5 {[%eval -252,13] [%emt 0:00:08]} 36. Rf3 {[%emt 0:
00:01]} (36. Re1 {[%eval -255,13] [%emt 0:00:12]} Bd6 {[%eval -252,13] [%emt 0:
00:16]} 37. Qe2 {[%eval -262,15] [%emt 0:00:17]}) 36... Qe8 {[%eval -273,13] 
[%emt 0:00:19]}) 30... Be7 31. Rg1 Bf6 32. Qxe6 $4 {und es geht weiter bergab}
(32. Qd6 $142 $17) 32... Rxe3 (32... Rf2 33. Qxf5+ Qxf5 34. Rg3 Be5 35. Rg2 Qe4
36. Rcg1 Bxh2 37. b4 Bxg1 38. Kxg1 Qxg2#) 33. Qxa6 $11 Qf3+ 34. Rg2 Rxb3 35.
Qe2 Qxe2 36. Rxe2 Rb6 37. Rf2 {Weiß droht Materialgewinn: Tf2xf5} g6 {Schwarz
hat einen neuen gedeckten Freibauern: f5} 38. Rf3 Rb7 39. Rc6 {Weiß droht
Materialgewinn: Tc6xf6} Rf7 (39... Bd4 40. Rd3 Rb4 41. Kg2 $14) 40. Rh3+ Kg7
41. Rg3 g5 42. Re3 Kg6 43. Ree6 f4 {Raumvorteil} 44. Kg2 Kf5 45. h3 {Schwarz
hat einen neuen rückständigen Bauern: g5} Bd4 46. Re2 g4 47. hxg4+ Kxg4 48. Re4
{Weiß droht Materialgewinn: Te4xd4} Be3 49. Rcc4 Kf5 50. Kf3 Rg7 1/2-1/2

[Event "LLA"]
[Site "?"]
[Date "1998.??.??"]
[Round "4"]
[White "Hauser, Walter"]
[Black "Grundner, Alois"]
[Result "0-1"]
[WhiteElo "1758"]
[BlackElo "1903"]
[Annotator "Grundner,A"]
[PlyCount "74"]

1. d4 Nf6 {aus dem Buch} 2. c4 e6 3. Nc3 d5 4. Bg5 Nbd7 5. e3 Be7 6. Nf3 O-O 7.
Rc1 b6 8. cxd5 exd5 9. Bd3 Bb7 10. O-O c5 11. b3 Ne4 12. Bf4 Rc8 13. Qe2 ({-0.
66 Fritz 5.00:} 13. Ne2 {[%eval 3,8]}) 13... Ndf6 ({0.28 Fritz 5.00:} 13...
cxd4 14. Nb5 dxe3 15. Bxe3 a6 16. Rxc8 Bxc8 17. Nbd4 Ndc5 18. Re1 {[%eval -69,
8]}) 14. Na4 Nh5 15. Be5 f6 16. Bg3 Qe8 17. dxc5 bxc5 18. Bb5 Qg6 19. Bd7 Nhxg3
20. hxg3 Rc7 21. Be6+ Kh8 22. Nh4 Qg5 23. Rfd1 Rd8 24. Nf3 Qh6 25. Nd4 Bf8 26.
Bf5 Bc8 27. Bxc8 Rcxc8 28. Ne6 Rd6 29. Nxf8 Rxf8 30. Nxc5 f5 31. Nd3 d4 32.
exd4 Rxd4 33. Ne5 Rxd1+ 34. Qxd1 Qb6 35. Rc2 Qe6 36. Qd4 h6 ({3.06 Fritz 5.00:
} 36... Re8 37. Rc7 Nf6 38. f4 a6 39. Qa7 Nh5 40. Nf7+ Kg8 41. Ne5 {[%eval 109,
9]}) 37. Rc7 ({1.75 Fritz 5.00:} 37. Rc6 Qg8 38. Ng6+ Kh7 39. Nxf8+ Qxf8 40.
Qxa7 Qe8 41. Qc7 Qh5 {[%eval 316,9]}) 37... Kh7 ({3.03 Fritz 5.00:} 37... Re8
38. Nf7+ Kg8 39. Ng5 Qf6 40. Qc4+ Kh8 41. Qa4 Nd6 42. Nf7+ {[%eval 178,8]}) 0-1

[Event "Landescup"]
[Site "?"]
[Date "1999.04.24"]
[Round "2"]
[White "Grundner, Alois"]
[Black "Hermann"]
[Result "1-0"]
[WhiteElo "1896"]
[BlackElo "1790"]
[Annotator "Grundner,A"]
[PlyCount "63"]

1. d4 Nf6 2. Nf3 d5 3. c4 e6 4. Nc3 Be7 5. Bg5 h6 6. Bh4 O-O 7. e3 Ne4 8. Bxe7
Qxe7 9. cxd5 Nxc3 10. bxc3 exd5 11. Qb3 c6 12. c4 dxc4 13. Bxc4 Nd7 14. O-O Nf6
15. Ne5 Bf5 16. f3 Rad8 17. e4 Bc8 18. Ng6 Qd7 19. Nxf8 Qxd4+ 20. Kh1 Rxf8 21.
Rad1 Qe5 22. Bxf7+ Rxf7 23. Rd8+ Ne8 24. Rxc8 g5 25. Rd1 Kg7 26. Rcd8 Nf6 27.
Qe3 a6 28. Qd4 Qa5 29. e5 Nd5 30. e6+ Rf6 31. Rd7+ Kf8 32. Rxd5 1-0

[Event "LLA, ASK"]
[Site "?"]
[Date "1998.11.07"]
[Round "3"]
[White "Grundner, Alois"]
[Black "Krimbacher, Walter"]
[Result "1/2-1/2"]
[WhiteElo "1945"]
[BlackElo "1905"]
[Annotator "Fritz 5.00 (5s)"]
[PlyCount "89"]

1. d4 d5 2. Nf3 Nf6 3. c4 e6 4. Nc3 Be7 5. Bg5 O-O 6. e3 h6 7. Bh4 b6 8. Rc1 {
aus dem Buch} Bb7 9. Bxf6 Bxf6 10. cxd5 exd5 11. Bd3 c5 12. O-O Nd7 13. h3 Re8
14. Bb1 Nf8 15. Ne2 Ne6 16. Nh2 {[%cal Yg4e5,Yh2g4,Yf3h2] Leitet das Manöver
Sf3-h2-g4-e5 ein} (16. Qd3 g6 $11) 16... g6 {Befestigt f5} 17. Ng4 Bg7 18. f4
f5 19. Ne5 {Der weiße Springer auf dem Vorposten e5} Bxe5 20. fxe5 {Weiß
erobert Raum} Ba6 21. Rf2 Bxe2 22. Rxe2 Rf8 $11 (22... Rc8 23. Rf2 $15) 23.
dxc5 bxc5 24. Rd2 Qg5 {[%cal Yf5f4] Will f4 spielen} 25. Qf3 Rad8 26. Rcd1 $15
{[%cal Rd1d5,Rd2d5,Rf3d5,Gd8d5] Im Brennpunkt: d5} (26. Bc2 f4 27. Rxd5 Rxd5 (
27... fxe3 28. Rxd8 Rxd8 29. Bb3 $18) 28. Qxd5 f3 29. Qxe6+ Kh8 30. Qxg6 Qxe3+
31. Kh2 Qf4+ 32. Qg3 Qxc1 $17) 26... d4 {Schwarz engt den Gegner ein} 27. e4
$17 (27. b4 $5 $15) 27... f4 28. Qg4 Qxg4 29. hxg4 Kf7 30. Bd3 Rc8 31. Bc4 Rc7
32. Rd3 Re7 33. Ra3 Rb8 34. Ra5 Rc7 35. Rc1 $2 $17 (35. b3 $142 $5 $11 {und
Weiß spielt mit}) 35... Rxb2 36. Bb3 {[%cal Ra5c5,Rc1c5,Gc7c5,Ge6c5] Nimmt den
Bauern c5 ins Visier} Ke7 37. Ra6 Nf8 38. Bc4 $2 $19 {Eine wichtige Figur} (38.
Rf6 $142 {ist noch spielbar} Rc8 39. Rxf4 $11) 38... Rb6 39. Ra3 (39. Ra5 Nd7
40. Bb3 Nxe5 41. Raxc5 Rxc5 42. Rxc5 Kf6 $19) 39... Ne6 $17 (39... Nd7 $142 $19
{erleichterte Schwarz die Gewinnführung}) 40. Rh3 Kd8 $15 (40... Ng5 41. Rxh6
Nxe4 42. Rf1 $15) 41. Rxh6 Nf8 42. Rh8 Ke8 43. Rg8 Rcb7 $14 (43... Re7 44. Rf1
g5 45. Rxg5 $14) 44. Bb3 Rc7 45. Bc4 $11 (45. g3 Rb4 (45... fxg3 $2 46. Rf1 Re7
47. Rgxf8+ (47. Rfxf8+ $6 Kd7 $18) 47... Kd7 48. R1f7 $18) 46. gxf4 d3 $14)
1/2-1/2

[Event "Lienz Open"]
[Site "?"]
[Date "1999.02.10"]
[Round "6"]
[White "Pircher, Karl"]
[Black "Grundner, Alois"]
[Result "1/2-1/2"]
[WhiteElo "1700"]
[BlackElo "1896"]
[Annotator "Grundner,A"]
[PlyCount "53"]

1. d4 Nf6 2. c4 e6 3. Nc3 d5 4. Bg5 Nbd7 5. e3 c6 6. Nf3 Be7 7. Bd3 O-O 8. O-O
b6 9. Rc1 Bb7 10. Qe2 c5 11. cxd5 cxd4 12. Nxd4 Nxd5 13. Bxe7 Nxe7 14. Rfd1 Nc5
15. Bb1 Nd5 16. Ne4 Nxe4 17. Bxe4 Rc8 18. Bf3 Qf6 19. Nb5 Ba6 20. a4 Qe5 21.
Rxc8 Rxc8 22. Bxd5 exd5 23. Qd3 Rc5 24. Qd4 Qe8 25. Nc3 Bb7 26. h3 h6 27. Qf4
1/2-1/2

[Event "LLA"]
[Site "?"]
[Date "2000.01.22"]
[Round "7"]
[White "Waldner, Alois"]
[Black "Grundner, Alois"]
[Result "1/2-1/2"]
[WhiteElo "2005"]
[BlackElo "1886"]
[Annotator "Fritz 5.00 (51s)"]
[PlyCount "42"]

1. d4 Nf6 {Opening = Orthodoxe Verteidigung} 2. c4 e6 3. Nc3 d5 {aus dem Buch}
4. Bg5 Be7 5. Nf3 Nbd7 6. e3 O-O 7. Rc1 b6 8. cxd5 Nxd5 $16 (8... exd5 $142 $5
{ist eine gute Alternative} 9. Bd3 h6 $14) 9. Bxe7 $14 (9. Nxd5 $5 Bxg5 10.
Nxc7 $18) 9... Nxe7 10. Bd3 Bb7 11. O-O Ng6 12. Be4 c6 {Stärkt b5+d5} 13. Ne2
Qc7 14. Ng3 Nf6 15. Bb1 Rfd8 16. Qc2 $11 (16. Bxg6 $5 hxg6 17. Ne5 $14) 16...
Rac8 17. h4 $15 (17. Qe2 $5 $11) 17... h5 $16 (17... c5 $142 $5 {und Schwarz
spielt mit} 18. h5 Ne7 $11) 18. Ng5 Nf8 19. Qe2 g6 {Sichert f5} 20. f4 Qe7 21.
N3e4 N8d7 1/2-1/2

[Event "Schwarzach Open"]
[Site "?"]
[Date "1999.08.23"]
[Round "3"]
[White "Grundner, Alois"]
[Black "Kjeld, Matthias"]
[Result "0-1"]
[WhiteElo "1922"]
[BlackElo "2145"]
[Annotator "Fritz 5.00 (20s)"]
[PlyCount "106"]
[EventDate "2000.??.??"]

1. d4 d5 {Opening = D66 - Damengambit-HV, Erweit Fianch /Queen's Gambit-ML,
exp Fianch} 2. Nf3 Nf6 3. c4 {aus dem Buch} e6 4. Nc3 Be7 5. Bg5 O-O 6. e3 Nbd7
7. Rc1 c6 8. Bd3 b6 9. O-O Bb7 10. cxd5 exd5 11. Re1 c5 12. b3 Ne4 13. Bxe7
Qxe7 14. Bb5 Ndf6 15. Ne5 Rac8 16. Qe2 $15 (16. Nxe4 Nxe4 17. Bd7 Rc7 $11)
16... cxd4 17. Nxe4 Qxe5 18. Rxc8 Bxc8 19. Nxf6+ Qxf6 20. Qb2 dxe3 $11 (20...
a6 21. Bd3 Re8 22. Qc2 $15) 21. Qxf6 gxf6 22. Rxe3 Be6 23. Rc3 Rd8 24. Bd3 Rd7
25. f3 Kg7 26. Kf2 d4 27. Rc2 Rd5 28. Rc7 Ra5 29. Rc2 h6 30. Rd2 Rd5 31. Be4
Rd6 32. Rc2 f5 33. Bd3 Kf6 34. Rc7 a5 35. Rc2 Kg5 36. Rd2 h5 37. Rc2 $17 (37.
g3 h4 $15) 37... h4 38. Rd2 Bd5 39. Re2 Be6 $11 (39... Bc6 $5 $15) 40. Rd2 h3
41. g3 f4 42. Bf1 Bd7 43. g4 f5 44. gxf5 Bxf5 45. Bd3 Bxd3 46. Rxd3 Kf5 47. Kf1
Ke5 48. Ke2 Rg6 49. Rd2 Kd5 50. Kd3 Re6 51. Rf2 Re3+ 52. Kd2 b5 53. Kc2 (53.
Rf1 d3 54. Kc3 b4+ 55. Kd2 Kd4 $19) 53... d3+ (53... d3+ 54. Kc1 Kd4 $19) 0-1

[Event "Landescup"]
[Site "?"]
[Date "????.??.15"]
[Round "2"]
[White "Jürgens, Klaus"]
[Black "Grundner, Alois"]
[Result "0-1"]
[WhiteElo "2149"]
[BlackElo "1851"]
[Annotator "Grundner,A"]
[PlyCount "59"]

1. Nf3 d5 2. c4 Nf6 3. g3 c6 4. Bg2 g6 5. cxd5 cxd5 6. d4 Bg7 7. Ne5 Nc6 8. Nc3
e6 9. Nxc6 bxc6 10. Na4 O-O 11. O-O Nd7 12. Be3 Ba6 13. Rc1 Qa5 14. b3 Rfc8 15.
Re1 Bf8 16. Bd2 Qb5 17. Bc3 c5 18. dxc5 Bxc5 19. Nxc5 Qxc5 20. Bb2 Qe7 21. Qd4
f6 22. e4 Ne5 23. exd5 Rxc1 24. Rxc1 Rd8 25. Qa4 Rd6 26. Ba3 Nd3 27. Bxd6 Qxd6
28. Rc6 Qe5 29. Rxe6 Qa1+ 30. Bf1 0-1

[Event "Lienz Open"]
[Site "?"]
[Date "1999.02.07"]
[Round "3"]
[White "Grundner, Alois"]
[Black "Grubauer, Gerhard, Dr."]
[Result "1-0"]
[WhiteElo "1899"]
[BlackElo "1693"]
[Annotator "Grundner,A"]
[PlyCount "61"]

1. d4 Nf6 {aus dem Buch} 2. c4 g6 3. Nc3 d5 4. Nf3 Bg7 5. Bg5 dxc4 6. e3 Be6 7.
Bxc4 ({-1.88 Fritz 5.00:} 7. Bxf6 {[%eval -19,7]}) 7... Bxc4 8. Qa4+ c6 ({0.16
Fritz 5.00:} 8... b5 9. Nxb5 Bxb5 10. Qxb5+ Nbd7 11. Bxf6 Bxf6 12. Rb1 O-O 13.
Qc6 {[%eval -163,9]}) 9. Qxc4 Nbd7 10. O-O O-O 11. Rad1 Nb6 12. Qb3 Qc7 13. Bf4
Qd8 14. e4 Nh5 15. Be3 Qc7 16. Rd2 e5 ({1.38 Fritz 5.00:} 16... Nf4 17. a4 Rab8
18. a5 Nd7 19. d5 cxd5 20. Nxd5 Nxd5 21. Qxd5 {[%eval 31,8]}) 17. dxe5 Bxe5 18.
Nxe5 Qxe5 19. Bh6 ({0.53 Fritz 5.00:} 19. Bxb6 axb6 20. Qxb6 Nf4 21. Rfd1 Qg5
22. f3 Rab8 23. a3 {[%eval 150,8]}) 19... Rfe8 20. Rfd1 Nf6 21. f3 Qc5+ 22. Kh1
Qc4 23. Qc2 Qc5 ({3.06 Fritz 5.00:} 23... Qe6 24. b3 Re7 25. Rd6 Qe5 26. f4 Qh5
27. Bg5 {[%eval 134,8]}) 24. Nd5 Qxc2 25. Nxf6+ Kh8 26. Rxc2 Red8 27. Rcd2 Rxd2
28. Rxd2 Nc4 29. Rd7 Ne5 30. Re7 Rd8 31. h3 1-0

[Event "Pzg. MS"]
[Site "?"]
[Date "1998.??.??"]
[Round "6"]
[White "Grundner, Alois"]
[Black "Mitteregger, Klaus"]
[Result "1-0"]
[WhiteElo "1905"]
[BlackElo "1800"]
[PlyCount "85"]
[EventDate "1998.??.??"]

1. d4 Nf6 2. Nf3 d5 3. c4 {aus dem Buch} c6 4. Nc3 g6 5. Bg5 Bg7 6. e3 O-O 7.
Be2 dxc4 8. Bxc4 Nbd7 9. O-O Nb6 10. Bb3 Nbd5 11. Re1 Nxc3 12. bxc3 Ne4 13. Rc1
Bg4 14. Bh4 Qc7 15. h3 Bxf3 16. gxf3 Nd6 17. e4 Bh6 18. Rc2 Bf4 19. c4 e6 20.
d5 c5 21. Bg3 Ne8 22. e5 Bg5 23. f4 Bh6 24. Ba4 Ng7 25. Rb2 b6 26. Qf3 Nf5 27.
d6 Nd4 ({3.13 Fritz 5.00:} 27... Qc8 {[%eval 38,10]}) 28. Qe4 ({0.47 Fritz 5.
00:} 28. Qxa8 Rxa8 29. dxc7 Nf3+ 30. Kh1 Nxe1 31. Rd2 Nd3 32. Rxd3 Rf8 {[%eval
350,9]}) 28... Qd8 29. Rd1 f6 30. Rd3 fxe5 31. fxe5 Qg5 32. Rb1 Qd8 33. Bh4 ({
0.00 Fritz 5.00:} 33. Kh1 Qg5 34. Bh4 Qf4 35. Qxf4 Rxf4 36. Bg3 Rf3 37. Rdd1 {
[%eval 75,8]}) 33... Bg5 34. Bxg5 Qxg5+ 35. Rg3 Qd2 36. Rg2 ({-2.16 Fritz 5.00:
} 36. Kh1 Kh8 37. Rg2 Rad8 38. Qe1 Qd3 39. Rg3 Qxc4 {[%eval -25,8]}) 36... Ne2+
37. Kh1 Nc3 38. Rxg6+ Kh8 39. Qh4 Rf7 ({0.88 Fritz 5.00:} 39... Nxb1 40. Rg1
Nc3 41. Bc6 Rad8 42. Qe7 Qh6 {[%eval -234,7]}) 40. Bc6 Raf8 41. Rf1 Ne2 42. Be4
Rxf2 ({#2 Fritz 5.00:} 42... Qf4 43. Rg4 Qxe5 44. Rd1 Rd7 45. a3 {[%eval 100,6]
}) 43. Rg8+ 1-0

[Event "Pzg. MS"]
[Site "?"]
[Date "1998.??.??"]
[Round "5"]
[White "Grundner, Alois"]
[Black "Rohrmoser, Walter"]
[Result "1-0"]
[WhiteElo "1903"]
[BlackElo "1820"]
[PlyCount "97"]
[EventDate "1998.??.??"]

1. d4 Nf6 {aus dem Buch} 2. Nf3 g6 3. c4 d5 4. Nc3 Bg7 5. Bg5 Ne4 6. cxd5 Nxc3
7. bxc3 Qxd5 8. e3 Bg4 9. Be2 c6 10. Qb3 Qxb3 11. axb3 Nd7 12. O-O e5 13. Rfe1
e4 14. Nd2 Bxe2 15. Rxe2 f5 16. Nc4 O-O 17. Rea2 a6 18. Nd6 Ra7 19. Be7 Rb8 20.
b4 Nb6 21. c4 Bf8 22. Bxf8 Kxf8 23. b5 cxb5 24. Nxb5 Raa8 25. Nc7 Ra7 26. c5
Nd7 27. Rb1 Ke7 28. Nd5+ Kd8 29. Nb6 Nf6 30. Kf1 Kc7 31. Ke1 Rd8 32. Kd2 Ng4
33. Kc3 Nf6 34. Kc4 Kc6 35. d5+ Kc7 36. Kd4 Nd7 ({2.56 Fritz 5.00:} 36... Re8
37. Nc4 Rd8 38. Nd6 h6 39. Rab2 Rb8 40. Rb6 h5 {[%eval 134,9]}) 37. Nc4 ({1.06
Fritz 5.00:} 37. d6+ Kc6 38. Nc4 b6 39. cxb6 Raa8 40. Na5+ Kxd6 41. Nb7+ Ke7 {
[%eval 256,9]}) 37... Raa8 ({1.88 Fritz 5.00:} 37... Nf8 38. Rb6 Nd7 39. Ra5
Raa8 40. Rd6 g5 41. f3 exf3 42. gxf3 {[%eval 119,8]}) 38. d6+ Kc8 39. Kd5 ({0.
91 Fritz 5.00:} 39. Na5 {[%eval 206,10]}) 39... Ra7 40. Nb6+ Nxb6+ 41. cxb6 Ra8
42. Rc2+ Kd7 43. Rc7+ Ke8 44. Rxb7 ({5.34 Fritz 5.00:} 44. Rbc1 h5 45. Rh7 g5
46. Rcc7 Rxd6+ 47. Kxd6 Rd8+ 48. Rhd7 Rxd7+ {[%eval 394,8]}) 44... Rd7 45. Rc7
({3.59 Fritz 5.00:} 45. Rxd7 {[%eval 563,9]}) 45... Rad8 46. Rxd7 Kxd7 47. Rc1
Rb8 48. Rc7+ Kd8 49. b7 1-0

[Event "LMM 99"]
[Site "?"]
[Date "1999.01.30"]
[Round "?"]
[White "Grundner, Alois"]
[Black "Stöckl, Norbert"]
[Result "0-1"]
[WhiteElo "1896"]
[BlackElo "2100"]
[Annotator "Grundner,A"]
[PlyCount "25"]

1. d4 Nf6 2. c4 g6 3. Nc3 d5 4. Nf3 Bg7 5. e3 O-O 6. Bd3 c5 7. O-O Nc6 8. cxd5
Nxd5 9. Nxd5 Qxd5 10. e4 Qd6 11. d5 Rd8 12. dxc6 Qxd3 13. c7 0-1

[Event "Landescup 2001"]
[Site "?"]
[Date "1999.07.04"]
[Round "?"]
[White "Reschreiter, Hans Peter"]
[Black "Grundner, Alois"]
[Result "0-1"]
[WhiteElo "1817"]
[BlackElo "1896"]
[Annotator "Fritz 5.00 (5s)"]
[PlyCount "82"]
[EventDate "2001.??.??"]

1. d4 Nf6 {Opening = E07 - Katalanisch /Catalan. aus dem Buch} 2. c4 e6 3. g3
d5 4. Bg2 c6 5. Nf3 Be7 6. O-O Nbd7 7. cxd5 cxd5 {Schwarz entwickelt Drohungen
in der offenen c-Linie} 8. Nc3 O-O 9. Qc2 b6 10. e4 $15 (10. Bf4 $5 $11) 10...
dxe4 11. Nxe4 Bb7 12. Nfg5 Bd5 13. f3 Rc8 14. Qf2 Bc4 15. Rd1 Nd5 {Dort fühlt
sich der schwarze Springer wohl} 16. Nh3 N7f6 17. Nc3 Ba6 {Schwarz erlangt
Initiative} 18. Nxd5 Nxd5 19. Nf4 Nb4 20. a3 Nc2 21. Rb1 e5 22. Nd3 $19 (22.
Bh3 Rc6 (22... exf4 $6 23. Bxc8 Qxc8 24. Bxf4 $11) 23. Bf5 Nxd4 $19 (23... exf4
$6 24. Bxc2 fxg3 25. hxg3 $15)) 22... Nxd4 {Die Öffnung der d-Linie verschafft
Schwarz Drohungen} 23. Be3 $4 {Weiß verkürzt seine Leiden} (23. Kh1 $142 Nb3
24. Bg5 Bxg5 25. Nb4 $19) 23... Rc2 24. Rd2 Bxd3 25. Rxc2 (25. Rbd1 {wäre
gleichermaßen fruchtlos} Bg5 $19) 25... Bxc2 (25... Nxc2 {damit würde Schwarz
es sich noch erleichtern} 26. Rc1 Nxe3 27. Qxe3 $19) 26. Rc1 Ba4 27. b4 (27. f4
{holt die Kuh nicht vom Eis} Nc2 28. Kh1 Qd3 $19) 27... Qd7 28. f4 Nb3 {
Schwarz erhält starke Initiative} 29. Rb1 Qd3 30. Re1 exf4 31. Bxf4 Bf6 32. Bf1
Qd7 33. Qa2 (33. Be5 {nützt auch nichts mehr} Bxe5 34. Rxe5 Rc8 $19) 33... Bd4+
34. Kh1 Bc3 35. Rb1 Nd2 36. Bxd2 Qxd2 {Droht Matt: Lc6} 37. Qxd2 Bxd2 38. Bc4
Rc8 39. Rb2 (39. Bb3 {hilft auch nicht mehr} Bc6+ 40. Kg1 Rd8 $19) 39... Rxc4 (
39... Bc3 $142 {entschiede die Partie sofort} 40. Ba6 Bxb2 41. Bxc8 Bxa3 42.
Kg2 $19) 40. Rxd2 Rc1+ 41. Kg2 {Es droht Matt} Rc2 (41... Rc2 42. Rxc2 Bxc2 $19
) 0-1

[Event "Schwarzach A"]
[Site "?"]
[Date "1998.??.22"]
[Round "1"]
[White "Scholz, Hans Peter"]
[Black "Grundner, Alois"]
[Result "1-0"]
[WhiteElo "2200"]
[BlackElo "1905"]
[Annotator "Grundner,A"]
[PlyCount "87"]

1. c4 Nf6 2. Nf3 e6 3. Nc3 d5 4. d4 Be7 5. g3 O-O 6. Bg2 c6 7. O-O Nbd7 8. b3
b6 9. Bb2 Bb7 10. cxd5 cxd5 11. Qd3 Ne4 12. Ne5 f5 13. e3 Ndf6 14. Ne2 a5 15.
f3 Ba6 16. Qd1 Bxe2 17. Qxe2 Nd6 18. Ba3 Rc8 19. Rac1 Qe8 20. Qa6 Rxc1 21. Rxc1
Nd7 22. Nxd7 Qxd7 23. Qxb6 Nc4 24. bxc4 Bxa3 25. Rc2 Bb4 26. cxd5 exd5 27. f4
Rd8 28. Kf2 h6 29. Rc7 Qe8 30. Qb7 Qg6 31. Bxd5+ Kh8 32. Rc8 Qd6 33. Qa8 Rxc8
34. Qxc8+ Qf8 35. Qxf8+ Bxf8 36. Be6 g6 37. g4 fxg4 38. Bxg4 Kg7 39. e4 Ba3 40.
f5 gxf5 41. Bxf5 Bb2 42. Ke3 Kf6 43. Bc8 Ke7 44. e5 1-0

[Event "LL A"]
[Site "?"]
[Date "1999.10.30"]
[Round "3"]
[White "Scheiblmaier, Robert"]
[Black "Grundner, Alois"]
[Result "1-0"]
[WhiteElo "2100"]
[BlackElo "1922"]
[Annotator "Grundner,A"]
[PlyCount "49"]

1. d4 Nf6 2. c4 e6 {aus dem Buch} 3. g3 d5 4. Bg2 c6 5. Nf3 Be7 6. O-O O-O 7.
Nbd2 b6 8. Qc2 Bb7 9. b3 Nbd7 10. Bb2 Rc8 11. Rac1 c5 12. Qb1 cxd4 13. Nxd4 Bb4
14. Rfd1 Qe7 15. cxd5 exd5 16. N2f3 Ne4 ({1.53 Fritz 5.00:} 16... Rc5 17. e3
Rfc8 18. Nf5 Qe6 19. N3d4 Qe5 {[%eval 56,7]}) 17. Nf5 Qd8 18. Rxc8 Qxc8 19. Rc1
Bc5 20. Bxg7 Re8 21. Bd4 Ndf6 22. Bh3 Qd8 23. Qb2 Bf8 24. e3 Nc5 ({5.25 Fritz
5.00:} 24... a5 25. Ne5 b5 26. a3 b4 27. axb4 {[%eval 228,7]}) 25. Bxf6 1-0

[Event "Pinzgauer MS"]
[Site "?"]
[Date "1999.11.26"]
[Round "5"]
[White "Grundner, Alois"]
[Black "Junger, Gerald"]
[Result "1/2-1/2"]
[WhiteElo "1922"]
[BlackElo "1840"]
[Annotator "Fritz 5.00 (20s)"]
[PlyCount "56"]

1. d4 Nf6 {Opening = E50 - Nimzoindisch-Moderne Variante /Nimzo Indian-Modern
Variation} 2. c4 e6 3. Nc3 Bb4 {aus dem Buch} 4. Nf3 O-O 5. e3 b6 6. Bd3 Bb7 7.
O-O Bxc3 8. bxc3 Ne4 9. Nd2 f5 (9... Nxc3 $2 10. Qc2 $18) 10. f3 Nxd2 (10...
Nxc3 $143 11. Qc2 Nxa2 12. Rxa2 $16) 11. Bxd2 d6 12. Qc2 Nd7 13. Rae1 g6 14.
Bc1 (14. e4 Qh4 $11) 14... e5 15. Ba3 c5 16. Rf2 Qe7 17. d5 Rae8 18. f4 exf4
19. Rxf4 Ne5 20. Bc1 b5 21. cxb5 Bxd5 22. c4 Ba8 23. Qe2 Qb7 24. Bc2 Re6 25.
Bd2 $11 (25. Qf2 Qe7 $11) 25... Rfe8 26. h3 $15 (26. Rd1 $5 $11) 26... Nf7 $11
(26... Nxc4 $5 27. Bb3 Kf8 $17) 27. Qf1 Ng5 28. Kh2 Ne4 $11 (28... d5 29. cxd5
Qxd5 30. Bc1 Qxa2 31. Re2 $17) 1/2-1/2